000 00689cab a2200253 4500
001 X648
008 090401t1993 xxu||||| |||| 00| 0 eng d
035 _a(Sirsi) u66774
041 _aeng
245 _aClark v Chief Land Registrar and Jones
260 _c1993
350 _a0
490 _aProperty and Compensation Reports
_v(1993) 65 PCR 186-206(21)
520 _aChD 28 August 1992.
650 _aJOINT TENANTS
650 _aLAND REGISTRATION ACT 1925 S55
650 _aLAND REGISTRATION
650 _aLEGAL CHARGE
650 _aRECTIFICATION
650 _aSTATUTORY TRUST OF LAND
690 _aPROPERTY LAW AND PRACTICE-CASE LAW
942 _n0
948 _c04/03/1997
999 _c41719
_d41719